00919nam a2200193 a 450000100100000000500170001000800410002704000250006808200150009310000430010824501270015125000110027826000400028930000280032995201130035795201190047095201190058999900170070800004577120201002052432.0150511sxxu mx a 000 0 spa d aDO-SdBNPbspacBNPHU axxxxbxxxx1 aGarcía Llano, Antonio Vicente97385513aEl nuevo milenio del futbol soccer :bcon una remota y poderosa concepción del hombre /cAntonio Vicente García Llano. a3ª ed aCancún, México :bs. n.,cs. f. a234 P. :bil. ;c23 cm. 001050718MOaPDbPDcCTd2015-05-11iLF1l0oxxxx xxxxp45771-10r2020-06-25w2020-06-25y1ZNo se presta 001050718MOaPDbPDcCTd2015-05-11iLF1l0oxxxx xxxxp45771-20r2020-06-25te. 2w2020-06-25y1ZNo se presta 001150718MOaPDbPDcMId2015-05-11iLF1l0oxxxx xxxxp45771-30r2020-06-25te. 3w2020-06-25y1ZNo se presta c45260d45260